000 00339nam a2200133 i 4500
001 bg
100 1 _aMAJOR, Halina.
245 1 0 _aDrogi, ulice i węzły.
_nCz. 1,
_pProjektowanie tras drogowych /
_cHalina Major.
260 _aKielce,
_c1979.
040 _cBPK
041 _apol
942 _cKS
008 s pl f |000 0 pol
999 _c21624
_d21624
856 _uhttp://koha.tu.koszalin.pl/cgi-bin/koha/opac-detail.pl?biblionumber=21624
_yKatalog online BPK